000 00315nam a2200121Ia 4500
005 20251222155123.0
008 251222s9999||||xx |||||||||||||| ||spa||
082 _aENC. 05.5
100 _aDEL BUSTO, José Antonio
245 0 _aHistoria General del PerĂș - Tomo V El Virreynato
264 _bNo tiene
942 _cLIB
999 _c38525
_d38525